| 000 | 00899nam a2200265 a 4500 | ||
|---|---|---|---|
| 001 | 57082 | ||
| 003 | BD-RjUL | ||
| 005 | 20211209080451.0 | ||
| 008 | 161205s2009 pk 000 0 eng | ||
| 035 | _a(BD-RjUL)57206 | ||
| 040 |
_aDLC _cDLC _dBD-RjUL _beng |
||
| 041 | 1 |
_aeng _hurd _hara |
|
| 082 | 0 | 0 |
_a297.124 _223 _bSHN 2009 |
| 100 | 1 |
_aSharīf al-Raḍī, Muḥammad ibn al-Ḥusayn, _d969 or 970-1016. _9169573 |
|
| 245 | 1 | 0 |
_aNahjul balagha / _c[translated in English along with notes contained in the Urdu translation] by Jafar Husain. |
| 250 | _a9th ed. | ||
| 260 |
_aKarachi : _bPeermahomed Ebrahim Trust, _c2009 |
||
| 300 |
_a3 v. ; _c22 cm. |
||
| 500 | _aAlso attributed to ʻAli ibn Abi Talib, Caliph. | ||
| 500 | _aTranslation of Nahj al-balāghah. | ||
| 650 | 0 |
_aHadith (Shiites) _vTexts. _9169574 |
|
| 942 |
_2ddc _cBK |
||
| 999 |
_c57082 _d57082 |
||